| 000 | 00956nam a22002777a 4500 | ||
|---|---|---|---|
| 999 |
_c13043 _d13043 |
||
| 003 | MIRAKIL | ||
| 005 | 20190325140141.0 | ||
| 008 | 190325b tu ||||| |||| 00| 0 tur d | ||
| 020 | _a9789753436236 | ||
| 040 |
_aTR-AnCHP _cTR-AnCHP |
||
| 041 | _atur | ||
| 082 |
_a320.9561 _bG35 2011 |
||
| 245 |
_aGenelkurmay raporlarında Fethullah Gülen / _cyayına hazırlayan: Nusret Senem. |
||
| 260 |
_aİstanbul : _bKaynak Yayınları , _c2011. |
||
| 300 |
_a278 s. _c19 sm. |
||
| 440 |
_akaynak yayınları _v603 |
||
| 490 |
_aDevletin Fethullah arşivi; _v3. |
||
| 504 | _aDizin vardır. | ||
| 600 |
_aGülen, Fethullah _xGenel Kurmay raporlarında |
||
| 650 |
_aGülen cemaati _v15 Temmuz 2016 _xDarbe girişimi |
||
| 650 |
_aFethullahçı Terör Örgütü (FETÖ) _xDarbe girişimi _y15 Temmuz 2016 |
||
| 651 |
_aTürkiye _xDin ve politika |
||
| 651 |
_aTürkiye _xSiyaset ve yönetim |
||
| 700 | 1 |
_92064 _aSenem, Nusret _eyay. haz. |
|
| 942 |
_cBKS _2ddc |
||